[Event "HUN-chT2 Szechenyi 1819"]
[Site "Hungary"]
[Date "2018.12.02"]
[Round "3.7"]
[White "Bors, Sandor"]
[Black "Olah, Jozsef"]
[Result "1/2-1/2"]
[WhiteElo "2139"]
[BlackElo "1872"]
[PlyCount "29"]
[EventDate "2018.10.28"]
[EventType "team-tourn"]
[EventRounds "9"]
[EventCountry "HUN"]
[SourceTitle "EXT 2021"]
[Source "ChessBase"]
[SourceDate "2020.10.23"]
[SourceVersion "1"]
[SourceVersionDate "2020.10.23"]
[SourceQuality "1"]
[WhiteTeam "Gyor Elektromos"]
[BlackTeam "Haladas Szombathely III"]
[WhiteTeamCountry "HUN"]
[BlackTeamCountry "HUN"]

1. e4 c5 2. Nf3 Nc6 3. Nc3 g6 4. d4 cxd4 5. Nxd4 Bg7 6. Be3 Nf6 7. Be2 d6 8. 0-0 0-0 9. Kh1 Bd7 10. Qd2 Nxd4 11. Bxd4 Bc6 12. Bf3 a6 13. Rad1 Qc7 14. a3 Rac8 15. Rfe1 1/2-1/2

[Event "HUN-chT2 Szechenyi 1516"]
[Site "Hungary"]
[Date "2016.02.28"]
[Round "8.7"]
[White "Kiss, Laszlo"]
[Black "Bors, Sandor"]
[Result "0-1"]
[WhiteElo "1706"]
[BlackElo "2125"]
[PlyCount "60"]
[EventDate "2015.09.13"]
[EventType "team-tourn"]
[EventRounds "11"]
[EventCountry "HUN"]
[SourceTitle "EXT 2017"]
[Source "ChessBase"]
[SourceDate "2016.10.25"]
[SourceVersion "1"]
[SourceVersionDate "2016.10.25"]
[SourceQuality "1"]
[WhiteTeam "Arboretum"]
[BlackTeam "Gyor Elektromos"]
[WhiteTeamCountry "HUN"]
[BlackTeamCountry "HUN"]

1. e4 e5 2. Nf3 Nc6 3. d4 exd4 4. Nxd4 d6 5. Bb5 Bd7 6. Nxc6 bxc6 7. Bc4 Nf6 8. Qe2 Be7 9. 0-0 0-0 10. Nc3 Ng4 11. f3 Ne5 12. Bb3 Bf6 13. Be3 Qc8 14. Rad1 Be6 15. Kh1 a5 16. Bf4 Ng6 17. Be3 Bxc3 18. bxc3 a4 19. Bxe6 Qxe6 20. c4 c5 21. Bxc5 dxc5 22. Rd5 Nf4 23. Qf2 Nxd5 24. cxd5 Qd6 25. c4 f5 26. e5 Qxe5 27. Qxc5 Qd6 28. Qd4 Rae8 29. c5 Qe5 30. Qc4 Qe2 0-1

[Event "HUN-chT2 Charousek 1314"]
[Site "Hungary"]
[Date "2013.09.08"]
[Round "1"]
[White "Bors, Sandor"]
[Black "Szijjarto, Laszlo"]
[Result "1/2-1/2"]
[WhiteElo "2148"]
[BlackElo "1955"]
[PlyCount "105"]
[EventDate "2013.09.08"]
[EventType "team-tourn"]
[EventRounds "11"]
[EventCountry "HUN"]
[SourceTitle "EXT 2016"]
[Source "ChessBase"]
[SourceDate "2015.10.08"]
[SourceVersion "1"]
[SourceVersionDate "2015.10.08"]
[SourceQuality "1"]
[WhiteTeam "Gyor Elektromos"]
[BlackTeam "Paks ASE II"]
[WhiteTeamCountry "HUN"]
[BlackTeamCountry "HUN"]

1. e4 d5 2. exd5 Qxd5 3. Nc3 Qd8 4. d4 Nf6 5. Be3 Bf5 6. Nf3 e6 7. a3 a6 8. h3 Bd6 9. Be2 h6 10. 0-0 0-0 11. Qd2 Nbd7 12. Rfd1 c6 13. Bd3 Bxd3 14. Qxd3 Nb6 15. Ne2 Nbd5 16. Bd2 Qc7 17. c4 Nf4 18. Nxf4 Bxf4 19. Bc3 Rad8 20. Qe2 Nh7 21. g3 Bd6 22. Qe1 Qe7 23. Qe3 Qc7 24. Kg2 Be7 25. Ne5 Nf6 26. Qe1 Nd7 27. Ng4 Nf6 28. Ne3 Ne4 29. Ng4 Nxc3 30. Qxc3 h5 31. Ne5 Bf6 32. Qe3 c5 33. f4 cxd4 34. Rxd4 Rxd4 35. Qxd4 Rd8 36. Qc3 Bxe5 37. fxe5 Qc6+ 38. Kh2 Qe4 39. Re1 Qf5 40. Qe3 Qc2+ 41. Re2 Qxc4 42. Rf2 g6 43. Qf3 Qc7 44. Qf6 Rd5 45. Re2 Rd1 46. Rf2 Re1 47. Rd2 Kh7 48. Rf2 Qxe5 49. Qxf7+ Qg7 50. Qe8 Kh6 51. Qd8 Re4 52. Qd2+ Kh7 53. Qd8 1/2-1/2

[Event "HUN-chT2 Charousek 1213"]
[Site "Hungary"]
[Date "2013.04.21"]
[Round "11"]
[White "Szente Varga, Fruzsina"]
[Black "Bors, Sandor"]
[Result "1-0"]
[WhiteElo "2025"]
[BlackElo "2159"]
[PlyCount "107"]
[EventDate "2012.09.16"]
[EventType "team-tourn"]
[EventRounds "11"]
[EventCountry "HUN"]
[SourceTitle "EXT 2014"]
[Source "ChessBase"]
[SourceDate "2013.11.20"]
[SourceVersion "1"]
[SourceVersionDate "2013.11.20"]
[SourceQuality "1"]
[WhiteTeam "Paks II"]
[BlackTeam "Gyor"]
[WhiteTeamCountry "HUN"]
[BlackTeamCountry "HUN"]

1. e4 e5 2. Nf3 Nc6 3. d4 exd4 4. Nxd4 d6 5. Nc3 Nf6 6. Bc4 Ne5 7. Be2 Be7 8. 0-0 0-0 9. f4 Nc6 10. Be3 Bd7 11. Qe1 Qc8 12. h3 a6 13. Qg3 b5 14. e5 Nxd4 15. Bxd4 Ne8 16. Nd5 Qd8 17. Bf3 Rb8 18. Nxe7+ Qxe7 19. Rfe1 g6 20. Rad1 Qd8 21. Ba7 Bf5 22. Bxb8 Qxb8 23. Be4 Ng7 24. exd6 Bxe4 25. Rxe4 cxd6 26. Qd3 Rd8 27. Qd5 Nf5 28. Rd3 Qa7+ 29. Kf1 Rc8 30. c3 Rc5 31. Re8+ Kg7 32. Qa8 Qxa8 33. Rxa8 b4 34. Rxa6 bxc3 35. Rxc3 Rd5 36. g4 Nh4 37. Kf2 h6 38. Ke3 g5 39. fxg5 hxg5 40. b4 Ng2+ 41. Ke4 Nf4 42. Ra5 f5+ 43. gxf5 Rd1 44. h4 d5+ 45. Kf3 Kf6 46. hxg5+ Kxf5 47. b5 Rf1+ 48. Ke3 Re1+ 49. Kd2 Re2+ 50. Kd1 Re7 51. b6 Rb7 52. Rb5 Ne6 53. a4 Ke4 54. Rc6 1-0

[Event "HUN-chT2 Charousek 1213"]
[Site "Hungary"]
[Date "2013.01.27"]
[Round "6"]
[White "Bors, Sandor"]
[Black "Pais, Nimrod"]
[Result "1-0"]
[WhiteElo "2159"]
[BlackElo "2026"]
[PlyCount "79"]
[EventDate "2012.09.16"]
[EventType "team-tourn"]
[EventRounds "11"]
[EventCountry "HUN"]
[SourceTitle "EXT 2014"]
[Source "ChessBase"]
[SourceDate "2013.11.20"]
[SourceVersion "1"]
[SourceVersionDate "2013.11.20"]
[SourceQuality "1"]
[WhiteTeam "Gyor"]
[BlackTeam "Fehervar"]
[WhiteTeamCountry "HUN"]
[BlackTeamCountry "HUN"]

1. e4 c5 2. Nf3 e6 3. Nc3 a6 4. d4 cxd4 5. Nxd4 Bb4 6. Bd2 Nf6 7. Bd3 Qc7 8. a3 Bc5 9. Nb3 Ba7 10. 0-0 Nc6 11. Kh1 h5 12. f4 Ng4 13. Qf3 b5 14. Nd1 Bb7 15. Be3 Nxe3 16. Nxe3 g6 17. c4 bxc4 18. Nxc4 0-0 19. Qg3 Kg7 20. e5 f5 21. Nd6 Qb6 22. Bc4 Bb8 23. Nxb7 Qxb7 24. Nc5 Qc8 25. b4 Ra7 26. Be2 Kh7 27. Rac1 Rf7 28. Rfd1 Bc7 29. Qc3 Nb8 30. Na4 Qd8 31. Bf3 d5 32. exd6 Bxd6 33. Qb3 Rfe7 34. Nc5 e5 35. Ne6 Qb6 36. Ng5+ Kg7 37. Rc8 exf4 38. Qg8+ Kf6 39. h4 Rg7 40. Qe6# 1-0

[Event "HUN-chT2 Breyer 1011"]
[Site "Hungary"]
[Date "2011.03.27"]
[Round "7.10"]
[White "Suhajda, Attila"]
[Black "Bors, Sandor"]
[Result "1-0"]
[WhiteElo "1892"]
[BlackElo "2160"]
[PlyCount "141"]
[EventDate "2010.09.12"]
[EventType "team-tourn"]
[EventRounds "11"]
[EventCountry "HUN"]
[SourceTitle "EXT 2012"]
[Source "ChessBase"]
[SourceDate "2011.11.24"]
[SourceVersion "1"]
[SourceVersionDate "2011.11.24"]
[SourceQuality "1"]
[WhiteTeam "Sarkany"]
[BlackTeam "Gyor Elektromos"]
[WhiteTeamCountry "HUN"]
[BlackTeamCountry "HUN"]

1. d4 Nf6 2. c4 e6 3. Nc3 d5 4. Nf3 c6 5. Bg5 Be7 6. e3 0-0 7. Rc1 Nbd7 8. Bd3 dxc4 9. Bxc4 b5 10. Bd3 a6 11. 0-0 Bb7 12. Qe2 Rc8 13. Rfd1 Re8 14. a3 Qb6 15. Ne5 Nf8 16. Bb1 Rcd8 17. Bxf6 Bxf6 18. Ne4 Be7 19. Nc5 Bxc5 20. Rxc5 Rd5 21. Rdc1 Rxc5 22. Rxc5 Rd8 23. Qc2 Rd6 24. b4 f6 25. Nf3 Qd8 26. h3 g6 27. Ba2 Kg7 28. Nd2 f5 29. Re5 Qf6 30. Qc5 Rd7 31. Nf3 Re7 32. Qd6 h6 33. Ne1 Rd7 34. Qb8 Rf7 35. Qd6 Rd7 36. Qc5 Re7 37. Qd6 g5 38. Nd3 Rd7 39. Qb8 Rf7 40. Nc5 Kh7 41. Qd6 f4 42. e4 f3 43. g3 Bc8 44. Bxe6 Bxe6 45. Nxe6 Nxe6 46. Rxe6 Qg7 47. Qxc6 Qxd4 48. Rxh6+ Kg7 49. Qg6+ Kf8 50. Qd6+ Qxd6 51. Rxd6 Kg7 52. e5 Re7 53. Rf6 Rxe5 54. Rxf3 Re1+ 55. Kg2 Ra1 56. Rd3 Ra2 57. Kf3 Kf7 58. Kg4 Ke6 59. Kxg5 Rxf2 60. h4 Rf8 61. h5 Rf5+ 62. Kg4 Re5 63. h6 Kf7 64. Rd6 a5 65. bxa5 Re3 66. Rb6 Rxa3 67. Rxb5 Kg6 68. Rb6+ Kh7 69. a6 Ra5 70. Kf4 Ra4+ 71. Ke5 1-0

[Event "HUN-chT2 Szechenyi 0910"]
[Site "Hungary"]
[Date "2010.03.21"]
[Round "8.8"]
[White "Szentmihalyi, Daniel"]
[Black "Bors, Sandor"]
[Result "0-1"]
[WhiteElo "1732"]
[BlackElo "2129"]
[PlyCount "66"]
[EventDate "2009.11.08"]
[EventType "team-tourn"]
[EventRounds "11"]
[EventCountry "HUN"]
[SourceTitle "EXT 2011"]
[Source "ChessBase"]
[SourceDate "2010.11.26"]
[SourceVersion "1"]
[SourceVersionDate "2010.11.26"]
[SourceQuality "1"]
[WhiteTeam "FKMK"]
[BlackTeam "Gyor Elektromos"]
[WhiteTeamCountry "HUN"]
[BlackTeamCountry "HUN"]

1. e4 e5 2. Nf3 Nc6 3. Bc4 Nf6 4. Ng5 d5 5. exd5 Na5 6. Bb5+ c6 7. dxc6 bxc6 8. Be2 h6 9. Nf3 e4 10. Ne5 Bd6 11. d4 Qc7 12. Bf4 0-0 13. Bg3 Rb8 14. b3 Bf5 15. Bg4 Bh7 16. Nd2 Rbd8 17. 0-0 c5 18. c3 cxd4 19. cxd4 Qc3 20. Ndc4 Nxc4 21. Rc1 Nb2 22. Rxc3 Nxd1 23. Bxd1 Nd5 24. Rc2 e3 25. Re2 Bxe5 26. dxe5 Bd3 27. fxe3 Bxe2 28. Bxe2 Nxe3 29. Rf3 Nc2 30. Bf2 Nd4 31. Bxd4 Rxd4 32. Bc4 Re4 33. Rd3 Rxe5 0-1

[Event "HUN-chT2 Szechenyi 0910"]
[Site "Hungary"]
[Date "2009.11.22"]
[Round "2.10"]
[White "Bors, Sandor"]
[Black "Kiss, Balint"]
[Result "1-0"]
[WhiteElo "2129"]
[BlackElo "1659"]
[PlyCount "81"]
[EventDate "2009.11.08"]
[EventType "team-tourn"]
[EventRounds "11"]
[EventCountry "HUN"]
[SourceTitle "EXT 2011"]
[Source "ChessBase"]
[SourceDate "2010.11.26"]
[SourceVersion "1"]
[SourceVersionDate "2010.11.26"]
[SourceQuality "1"]
[WhiteTeam "Gyor Elektromos"]
[BlackTeam "Arboretum"]
[WhiteTeamCountry "HUN"]
[BlackTeamCountry "HUN"]

1. e4 e5 2. Nf3 Nc6 3. Bb5 a6 4. Ba4 Nf6 5. d3 d6 6. 0-0 Be7 7. h3 0-0 8. c3 b5 9. Bc2 Nb8 10. d4 Nbd7 11. Re1 Re8 12. a4 Bb7 13. Bg5 c6 14. Nbd2 Qc7 15. Nf1 Bf8 16. Ng3 g6 17. Qd2 Bg7 18. Bh6 Rad8 19. Bxg7 Kxg7 20. Qg5 Kh8 21. Bb3 Re7 22. Rad1 Ng8 23. Qd2 Kg7 24. axb5 axb5 25. Ng5 h6 26. Nf3 Ree8 27. Nh2 c5 28. d5 c4 29. Bc2 Nc5 30. f4 Nf6 31. fxe5 Rxe5 32. Nf3 Ree8 33. Nd4 Kh7 34. Qf2 Qe7 35. Rf1 Ncxe4 36. Nxe4 Nxe4 37. Bxe4 Qxe4 38. Qxf7+ Kh8 39. Qxb7 Re7 40. Qb6 Rde8 41. Ne6 1-0

[Event "HUN-chT2 Charousek 0809"]
[Site "Hungary"]
[Date "2008.12.21"]
[Round "4"]
[White "Bors, Sandor"]
[Black "Kele, Janos"]
[Result "1/2-1/2"]
[WhiteElo "2119"]
[BlackElo "2103"]
[PlyCount "20"]
[EventDate "2008.10.26"]
[EventType "team-tourn"]
[EventRounds "11"]
[EventCountry "HUN"]
[SourceTitle "EXT 2010"]
[Source "ChessBase"]
[SourceDate "2010.11.25"]
[SourceVersion "1"]
[SourceVersionDate "2010.11.25"]
[SourceQuality "1"]
[WhiteTeam "Gyor Elektromos"]
[BlackTeam "Szenna Pack"]
[WhiteTeamCountry "HUN"]
[BlackTeamCountry "HUN"]

1. e4 c5 2. Nf3 e6 3. d4 cxd4 4. Nxd4 a6 5. Bd3 Qc7 6. 0-0 Nc6 7. Nb3 Nf6 8. Nc3 Be7 9. f4 d6 10. Be3 b5 1/2-1/2

[Event "HUN-chT2 Charousek 0809"]
[Site "Hungary"]
[Date "2008.11.30"]
[Round "3"]
[White "Bors, Sandor"]
[Black "Olah, Jozsef"]
[Result "1-0"]
[WhiteElo "2119"]
[BlackElo "1957"]
[PlyCount "49"]
[EventDate "2008.10.26"]
[EventType "team-tourn"]
[EventRounds "11"]
[EventCountry "HUN"]
[SourceTitle "EXT 2010"]
[Source "ChessBase"]
[SourceDate "2010.11.25"]
[SourceVersion "1"]
[SourceVersionDate "2010.11.25"]
[SourceQuality "1"]
[WhiteTeam "Gyor Elektromos"]
[BlackTeam "Haladas II"]
[WhiteTeamCountry "HUN"]
[BlackTeamCountry "HUN"]

1. e4 c5 2. Nf3 e6 3. d4 cxd4 4. Nxd4 Nf6 5. Bd3 a6 6. 0-0 Bc5 7. Nb3 Bb6 8. e5 Nd5 9. Qg4 g6 10. a3 Nc6 11. Re1 Qc7 12. Qe4 d6 13. Qxd5 Bxf2+ 14. Kxf2 Qb6+ 15. Be3 Qxe3+ 16. Rxe3 exd5 17. exd6+ Kd7 18. N1d2 Kxd6 19. Rae1 Be6 20. Nf3 Rhe8 21. Nbd4 Rac8 22. c3 Re7 23. h3 Rce8 24. Nxc6 bxc6 25. Bxa6 1-0

[Event "HUN-chT2 Charousek 0708"]
[Site "Hungary"]
[Date "2007.10.14"]
[Round "1"]
[White "Bubits, Bence"]
[Black "Bors, Sandor"]
[Result "1/2-1/2"]
[WhiteElo "1948"]
[BlackElo "2124"]
[PlyCount "116"]
[EventDate "2007.10.14"]
[EventType "team"]
[EventRounds "11"]
[EventCountry "HUN"]
[SourceTitle "EXT 2009"]
[Source "ChessBase"]
[SourceDate "2008.11.26"]
[SourceVersion "1"]
[SourceVersionDate "2008.11.26"]
[SourceQuality "1"]
[WhiteTeam "Csuti II"]
[BlackTeam "Gyor Elektromos"]
[WhiteTeamCountry "HUN"]
[BlackTeamCountry "HUN"]

1. d4 Nf6 2. g3 e6 3. Bg2 d5 4. Nf3 c5 5. 0-0 Nc6 6. b3 Be7 7. Bb2 0-0 8. Nbd2 a6 9. c4 dxc4 10. Nxc4 Rb8 11. Nce5 Nxe5 12. Nxe5 Nd7 13. dxc5 Bxc5 14. Nxd7 Qxd7 15. Qxd7 Bxd7 16. Be5 Ra8 17. Bxb7 Ra7 18. Be4 Bb5 19. Rac1 Ba3 20. Rc2 f6 21. Bb2 Bxb2 22. Rxb2 f5 23. Bb1 Rd8 24. a4 Be8 25. Bd3 Kf7 26. b4 Kf6 27. b5 axb5 28. axb5 Rb7 29. Rfb1 Rb6 30. f3 h6 31. Kf2 e5 32. Ra2 Rdb8 33. Ra6 g6 34. Rba1 Ke7 35. Ke3 R6b7 36. Ra7 Kd8 37. Rxb7 Rxb7 38. Rb1 Kc7 39. g4 fxg4 40. fxg4 Kd6 41. b6 g5 42. Be4 Rb8 43. b7 Bd7 44. h3 Kc7 45. Ra1 Kd6 46. Ra8 Kc7 47. Rxb8 Kxb8 48. Bd5 Bb5 49. Kf3 Ba6 50. e3 Bf1 51. Kg3 Ba6 52. h4 Be2 53. Kh3 Bf1+ 54. Kg3 Ba6 55. Kg2 Be2 56. hxg5 hxg5 57. Kg3 Kc7 58. Be4 Bd1 1/2-1/2

[Event "HUN-chT2 Charousek 0607"]
[Site "Hungary"]
[Date "2007.05.06"]
[Round "10"]
[White "Bors, Sandor"]
[Black "Samu, Ferenc"]
[Result "1/2-1/2"]
[WhiteElo "2112"]
[BlackElo "2088"]
[PlyCount "39"]
[EventDate "2006.11.12"]
[EventType "team"]
[EventRounds "11"]
[EventCountry "HUN"]
[SourceTitle "EXT 2008"]
[Source "ChessBase"]
[SourceDate "2007.11.25"]
[SourceVersion "1"]
[SourceVersionDate "2007.11.25"]
[SourceQuality "1"]
[WhiteTeam "Gyor Elektromos"]
[BlackTeam "Tapolca"]
[WhiteTeamCountry "HUN"]
[BlackTeamCountry "HUN"]

1. e4 e5 2. Nf3 Nf6 3. Nxe5 d6 4. Nf3 Nxe4 5. d3 Nf6 6. d4 d5 7. Bg5 Be7 8. h3 Bf5 9. Bd3 Bxd3 10. Qxd3 0-0 11. 0-0 Nfd7 12. Bxe7 Qxe7 13. Nbd2 Nc6 14. c3 a6 15. Qf5 Nf6 16. Rae1 Qd7 17. Qf4 Rfe8 18. Ne5 Qd6 19. Ndf3 Re7 20. Nd3 1/2-1/2

[Event "HUN-chT2 Charousek 0607"]
[Site "Hungary"]
[Date "2006.12.17"]
[Round "4"]
[White "Schepp, Zoltan"]
[Black "Bors, Sandor"]
[Result "1/2-1/2"]
[WhiteElo "2205"]
[BlackElo "2112"]
[PlyCount "94"]
[EventDate "2006.11.12"]
[EventType "team"]
[EventRounds "11"]
[EventCountry "HUN"]
[SourceTitle "EXT 2008"]
[Source "ChessBase"]
[SourceDate "2007.11.25"]
[SourceVersion "1"]
[SourceVersionDate "2007.11.25"]
[SourceQuality "1"]
[WhiteTeam "Pannonpower"]
[BlackTeam "Gyor Elektromos"]
[WhiteTeamCountry "HUN"]
[BlackTeamCountry "HUN"]

1. e4 e5 2. Nf3 Nc6 3. Bb5 a6 4. Ba4 Nf6 5. 0-0 Be7 6. Bxc6 dxc6 7. Nc3 Bg4 8. h3 Bh5 9. Re1 Bd6 10. d4 Nd7 11. g4 Bg6 12. dxe5 Nxe5 13. Nxe5 Bxe5 14. f4 Bxc3 15. Qxd8+ Rxd8 16. bxc3 f6 17. Rb1 b6 18. f5 Bf7 19. a4 0-0 20. g5 Rfe8 21. Kf2 Rd7 22. gxf6 gxf6 23. Bh6 Kh8 24. Kf3 Bh5+ 25. Ke3 Rde7 26. Kf4 Rg8 27. Rg1 Rxg1 28. Rxg1 a5 29. e5 fxe5+ 30. Ke4 Rd7 31. Kxe5 Rd5+ 32. Kf6 Rd6+ 33. Kg5 Bf7 34. Re1 Rd7 35. Kf6 Bh5 36. Kg5 Bf7 37. Kf6 Bh5 38. Re6 Kg8 39. Bf4 c5 40. Rc6 Be8 41. Rxc7 Rxc7 42. Bxc7 Bxa4 43. Bxb6 Bxc2 44. Bxa5 c4 45. h4 Bd1 46. Kg5 Kg7 47. Bb6 h5 1/2-1/2

[Event "HUN-chT2 Charousek 0506"]
[Site "Hungary"]
[Date "2006.02.26"]
[Round "8"]
[White "Nagy, Zoltan"]
[Black "Bors, Sandor"]
[Result "1-0"]
[WhiteElo "2223"]
[BlackElo "2117"]
[PlyCount "137"]
[EventDate "2005.10.16"]
[EventType "team"]
[EventRounds "11"]
[EventCountry "HUN"]
[SourceTitle "EXT 2009"]
[Source "ChessBase"]
[SourceDate "2008.11.26"]
[SourceVersion "1"]
[SourceVersionDate "2008.11.26"]
[SourceQuality "1"]
[WhiteTeam "Tapolca"]
[BlackTeam "Gyor Elektromos"]
[WhiteTeamCountry "HUN"]
[BlackTeamCountry "HUN"]

1. e4 e5 2. Nf3 Nc6 3. Bc4 Nf6 4. d3 Bc5 5. 0-0 0-0 6. Bb3 d6 7. c3 Bg4 8. h3 Bh5 9. Re1 h6 10. Nbd2 Re8 11. Nf1 Bg6 12. Ng3 d5 13. exd5 Nxd5 14. d4 Bf8 15. Nxe5 Nxe5 16. Rxe5 Nf6 17. Qf3 c6 18. Bf4 Bd6 19. Rxe8+ Nxe8 20. Re1 Bxf4 21. Qxf4 Nf6 22. Nf5 Bxf5 23. Qxf5 Qd6 24. Re5 Kf8 25. g4 g6 26. Qf4 Kg7 27. h4 Qd7 28. g5 hxg5 29. hxg5 Nh7 30. Qh4 Re8 31. Qf4 Rxe5 32. Qxe5+ Kg8 33. Kh2 Qd8 34. f4 Nf8 35. Kg3 Qd7 36. Qf6 c5 37. Kf2 cxd4 38. cxd4 a5 39. a4 Qc7 40. Ke2 Qd7 41. Kd2 Qc7 42. Bd5 Qd7 43. Bc4 Qc7 44. b3 Qd7 45. Kc1 Qc7 46. Kb2 Qd7 47. Ka2 Qc7 48. Ka3 Qd7 49. Ka2 Qc7 50. Kb2 Qd7 51. Kc1 Qc7 52. Kd2 Qd7 53. Qe5 Qh3 54. d5 Qh2+ 55. Kc1 Qg1+ 56. Kd2 Qh2+ 57. Kd3 Qh3+ 58. Qe3 Qf5+ 59. Kc3 Nd7 60. d6 b6 61. Bb5 Nf8 62. Bc4 Nd7 63. Kb2 Nf8 64. Qd4 Qg4 65. Qf6 Qg2+ 66. Ka3 Qb7 67. Qe7 Qd7 68. Bxf7+ Kg7 69. Be6+ 1-0

[Event "HUN-chT2 Charousek 0405"]
[Site "Hungary"]
[Date "2005.03.06"]
[Round "9"]
[White "Bors, Sandor"]
[Black "Farkas, Zsolt"]
[Result "0-1"]
[WhiteElo "2141"]
[BlackElo "2238"]
[PlyCount "82"]
[EventDate "2004.09.26"]
[EventType "team"]
[EventRounds "11"]
[EventCountry "HUN"]
[SourceTitle "EXT 2008"]
[Source "ChessBase"]
[SourceDate "2007.11.25"]
[SourceVersion "1"]
[SourceVersionDate "2007.11.25"]
[SourceQuality "1"]
[WhiteTeam "Gyor Elektromos"]
[BlackTeam "Csuti II"]
[WhiteTeamCountry "HUN"]
[BlackTeamCountry "HUN"]

1. e4 c5 2. Nf3 Nc6 3. d4 cxd4 4. Nxd4 Nf6 5. Nc3 e5 6. Ndb5 d6 7. Bg5 a6 8. Na3 b5 9. Bxf6 gxf6 10. Nd5 f5 11. Bd3 Be6 12. c3 Bg7 13. Nc2 0-0 14. Ndb4 Ne7 15. exf5 Nxf5 16. Bxf5 Bxf5 17. Ne3 Be6 18. 0-0 f5 19. Ned5 Rf7 20. f4 Rc8 21. Kh1 a5 22. Nc2 Rc5 23. Nde3 exf4 24. Rxf4 Be5 25. Rf2 Qh4 26. g3 Qh6 27. Kg1 f4 28. Nf1 fxg3 29. hxg3 Rxf2 30. Kxf2 Qh3 31. Nce3 Rc8 32. Ke1 Rf8 33. Kd2 Rf2+ 34. Kc1 Qh6 35. Qe1 Rxf1 36. Qxf1 Qxe3+ 37. Kc2 Qe4+ 38. Qd3 Qg2+ 39. Kc1 Bxg3 40. a4 Qg1+ 41. Kc2 Qf2+ 0-1

[Event "HUN-chT2 Charousek 0304"]
[Site "Hungary"]
[Date "2003.12.07"]
[Round "5"]
[White "Bors, Sandor"]
[Black "Ruszin, Rita"]
[Result "1-0"]
[WhiteElo "2153"]
[BlackElo "2002"]
[PlyCount "45"]
[EventDate "2003.09.28"]
[EventType "team"]
[EventRounds "11"]
[EventCountry "HUN"]
[SourceTitle "EXT 2005"]
[Source "ChessBase"]
[SourceDate "2004.11.15"]
[SourceVersion "1"]
[SourceVersionDate "2004.11.15"]
[SourceQuality "1"]

1. e4 c5 2. Nf3 Nc6 3. d4 cxd4 4. Nxd4 Qc7 5. Nc3 Nf6 6. Be2 a6 7. 0-0 e6 8. Bg5 Be7 9. Kh1 0-0 10. f4 d6 11. Nxc6 bxc6 12. Bd3 h6 13. Bh4 Rd8 14. Bg3 Bb7 15. e5 Nd5 16. Nxd5 cxd5 17. Qh5 dxe5 18. f5 Bf6 19. fxe6 fxe6 20. Qg6 Rf8 21. Qh7+ Kf7 22. Rxf6+ Kxf6 23. Bh4+ 1-0

[Event "HUN-chT2 Charousek 0304"]
[Site "Hungary"]
[Date "2003.09.28"]
[Round "1"]
[White "Gruz, Janos"]
[Black "Bors, Sandor"]
[Result "1/2-1/2"]
[WhiteElo "2079"]
[BlackElo "2153"]
[PlyCount "69"]
[EventDate "2003.09.28"]
[EventType "team"]
[EventRounds "11"]
[EventCountry "HUN"]
[SourceTitle "EXT 2005"]
[Source "ChessBase"]
[SourceDate "2004.11.15"]
[SourceVersion "1"]
[SourceVersionDate "2004.11.15"]
[SourceQuality "1"]

1. c4 Nf6 2. Nc3 e6 3. Nf3 d5 4. cxd5 exd5 5. e3 c6 6. d4 Bd6 7. Bd3 0-0 8. 0-0 Bg4 9. e4 dxe4 10. Nxe4 Nxe4 11. Bxe4 Nd7 12. Bc2 Bh5 13. Be3 Qf6 14. Qd3 Bg6 15. Qd2 Bxc2 16. Qxc2 h6 17. Rab1 Nb6 18. b4 Rac8 19. a3 Nd5 20. Rbe1 Rfe8 21. Bc1 a6 22. Re2 Rxe2 23. Qxe2 Rd8 24. Re1 Bc7 25. Bb2 Bd6 26. g3 Qf5 27. Nd2 Qg6 28. Qe4 Qh5 29. Nc4 Bc7 30. Kg2 Qg5 31. Bc1 Qf6 32. Bb2 Qg5 33. Bc1 Qh5 34. Bb2 Nf6 35. Qf3 1/2-1/2

[Event "HUN-chT2 Charousek 0203"]
[Site "Hungary"]
[Date "2003.02.02"]
[Round "6.7"]
[White "Bors, Sandor"]
[Black "Kasa, Krisztian"]
[Result "1/2-1/2"]
[WhiteElo "2156"]
[BlackElo "2115"]
[PlyCount "38"]
[EventDate "2002.09.22"]
[EventType "team"]
[EventRounds "11"]
[EventCountry "HUN"]
[SourceTitle "EXT 2004"]
[Source "ChessBase"]
[SourceDate "2003.11.25"]
[SourceVersion "1"]
[SourceVersionDate "2003.11.25"]
[SourceQuality "1"]
[WhiteTeam "Gyor Elektromos"]
[BlackTeam "Lenti"]
[WhiteTeamCountry "HUN"]
[BlackTeamCountry "HUN"]

1. e4 d5 2. exd5 Nf6 3. d4 Nxd5 4. c4 Nb6 5. Nf3 Bg4 6. Be2 e6 7. 0-0 Nc6 8. Be3 Bxf3 9. Bxf3 Nxc4 10. Bxc6+ bxc6 11. Qa4 Nb6 12. Qxc6+ Qd7 13. Qxd7+ Kxd7 14. Nd2 Nd5 15. Nc4 Bd6 16. Bd2 Rab8 17. Rab1 f6 18. g3 Bb4 19. Be3 Bd6 1/2-1/2

[Event "HUN-chT2 Charousek 0203"]
[Site "Hungary"]
[Date "2002.10.13"]
[Round "2.9"]
[White "Kozma, Edit"]
[Black "Bors, Sandor"]
[Result "0-1"]
[WhiteElo "2105"]
[BlackElo "2156"]
[PlyCount "162"]
[EventDate "2002.09.22"]
[EventType "team"]
[EventRounds "11"]
[EventCountry "HUN"]
[SourceTitle "EXT 2004"]
[Source "ChessBase"]
[SourceDate "2003.11.25"]
[SourceVersion "1"]
[SourceVersionDate "2003.11.25"]
[SourceQuality "1"]
[WhiteTeam "Matador"]
[BlackTeam "Gyor Elektromos"]
[WhiteTeamCountry "HUN"]
[BlackTeamCountry "HUN"]

1. e4 e5 2. Nf3 Nc6 3. Bb5 a6 4. Ba4 Nf6 5. 0-0 Be7 6. Re1 b5 7. Bb3 d6 8. c3 0-0 9. d4 Bg4 10. Be3 Na5 11. Bc2 Nc4 12. Bc1 c5 13. b3 Nb6 14. Be3 Qc7 15. Nbd2 Rfc8 16. dxe5 dxe5 17. h3 Bh5 18. Nf1 Nbd7 19. Ng3 Bg6 20. Nh4 c4 21. Nhf5 Bf8 22. b4 a5 23. a3 Ra6 24. Qb1 Rca8 25. Qb2 Nb6 26. Bg5 Nbd7 27. Red1 Qa7 28. Be3 Qb7 29. f3 Nb6 30. Kh2 axb4 31. axb4 Na4 32. Bxa4 Rxa4 33. Rxa4 bxa4 34. Ra1 Qb5 35. Qc2 Nd7 36. Qd1 f6 37. Nd6 Qc6 38. Nxc4 Qxc4 39. Qxd7 Bf7 40. Ra3 g6 41. Qd1 Qb5 42. Qf1 Bc4 43. Qa1 Be7 44. Nh1 Qc6 45. Nf2 Qd7 46. Qb1 Rd8 47. Bb6 Rb8 48. Be3 Rc8 49. Ra1 Bb3 50. Qb2 Qc6 51. Rc1 Qc4 52. Qb1 Rd8 53. Qb2 Kf7 54. h4 Rc8 55. Qb1 Qe2 56. Qd3 Qb2 57. b5 Bc4 58. Qd7 Rd8 59. Qb7 Qxb5 60. Qxb5 Bxb5 61. c4 Bc6 62. c5 Rb8 63. Nd1 Rb3 64. Rc3 Rb1 65. Nf2 Rb3 66. Rxb3 axb3 67. Nd3 Bb5 68. Nb2 Ke6 69. g4 Kd7 70. Kg3 Kc6 71. f4 Bxc5 72. Bc1 Bd4 73. f5 g5 74. hxg5 fxg5 75. Kf3 h6 76. Nd1 Bc4 77. Nb2 Bf7 78. Ke2 Kb5 79. Kd3 Kb4 80. Nd1 Bc4+ 81. Kd2 Bf7 0-1